Gaming Quiz

Random Gaming or Video Games Quiz

Clickable Assist Trophies Quiz Stats

 Plays Quiz not verified by Sporcle

Challenge
Share
Tweet
Embed
Score 0/48 Timer 07:00
1 Play Today
% Correct
Knuckle Joe
91.9%
Shadow the Hedgehog
91.9%
Metroid
90.7%
Andross
90.3%
Hammer Bro.
90%
Lakitu & Spinies
89.2%
Tingle
88.8%
Waluigi
88.8%
Mother Brain
88.8%
Chain Chomp
88.8%
Skull Kid
88.8%
Dark Samus
88.4%
Midna
88%
Lyn
87.6%
Nintendog
87.6%
Samurai Goroh
87.3%
Isabelle
86.1%
Starfy
85.3%
Little Mac
84.2%
Ghosts
83.8%
Mr. Resetti
82.6%
Isaac
80.7%
Nightmare
80.7%
Elec Man
80.3%
% Correct
Jeff
79.9%
Ghirahim
79.9%
Kat & Ana
79.5%
Starman
78.8%
Gray Fox
76.4%
Devil
75.7%
Phosphora
74.9%
Dillon
73.7%
Magnus
71.8%
Excitebikes
69.9%
Ashley
67.2%
Color TV-Game 15
65.3%
Riki
64.9%
Dr. Kawashima
64.1%
Infantry & Tanks
63.7%
Takamaru
63.7%
Barbara
62.5%
Ray MK III
62.5%
Sablé Prince
62.2%
Dr. Wright
61.8%
Saki Amamiya
61.8%
Sheriff
61.8%
Jill
59.8%
Helirin
54.1%

You're not logged in!

Compare scores with friends on all Sporcle quizzes.
OR
Log In

You Might Also Like...

Show Comments

Extras

Top Quizzes Today


Score Distribution

Your Account Isn't Verified!

In order to create a playlist on Sporcle, you need to verify the email address you used during registration. Go to your Sporcle Settings to finish the process.

Report this User

Report this user for behavior that violates our Community Guidelines.

Details: